Technológia pre 2. ročník učebného odboru kuchár /

Uloženo v:
Podrobná bibliografie
Hlavní autor: Gara, Karol (Autor)
Médium: Kniha
Jazyk:slovenština
Vydáno: Bratislava : EXPOL PEDAGOGIKA, 2013
Vydání:2. uprav. vyd.
Témata:
ISBN:9788080913236
On-line přístup: Získat plný text
Tagy: Přidat tag
Žádné tagy, Buďte první, kdo vytvoří štítek k tomuto záznamu!

MARC

LEADER 00000nam a2200000 4500
003 SK-BrCVT
005 20220621174321.0
006 aao e 000 0
008 140311s2013 xo ao e 000 0slo#d
020 |a 9788080913236   |q (brož.) 
035 |a CVTIDW0045093 
040 |a CVTISR  |b slo  |c CVTISR  |e AACR2 
041 0 |a slo 
044 |a xo  |c SK 
080 |a 663/664  |2 2009 
100 1 |a Gara, Karol  |4 aut 
245 1 0 |a Technológia pre 2. ročník učebného odboru kuchár /  |c autori: Karol Gara ... [et al.] 
250 |a 2. uprav. vyd. 
260 |a Bratislava :  |b EXPOL PEDAGOGIKA,  |c 2013 
300 |a 95 s. :  |b fotogr., lit., obr., tab. ;  |c 30 cm 
653 1 |a príprava jedál  |a kuchárstvo  |a múčnik  |a jedlá z bravčového mäsa  |a jedlá z hovädzieho mäsa  |a jedlá z teľacieho mäsa 
655 7 |a učebnice stredných škôl  |2 SNKPH 
852 |a CVTISR  |b 1 
910 |b A619845 
919 |a 978-80-8091-323-6 
959 |a 44 
974 |a katarina.repata  |f Knihy 
992 |a AUS 
999 |c 222558  |d 222558